00474nam a2200193Ia 4500003000400000005001700004008004100021020002200062040000700084041000800091082001600099100002000115245002600135260002900161300001400190365001300204440003900217650002400256OSt20230529093827.0210423s2015 xx 000 0 und d a978-93-84007-41-6 cAL aeng a530.15 WALC aWALKER (Darren) aComputational physics aNew DelhibMed Tecc2015 ax,371bPB b295cINR aMedtec introductory physics series aTheoretical Physics